LEADER 01398nam a2200277 i 4500 001 000000071997 003 CaOOAMICUS 005 20190403152859.0 008 090205s1961 it u000 u ita u 013 $a43169 040 $aSeMil$bita 100 1 $aHusserl, Edmund,$d<1859-1938>.$0(OLS)http://semarc/name/3630 240 14$aDie Krisis der europäischen Wissenschaften und die transzendentalen Phänomenologie.$0(OLS)http://semarc/title/115966 245 13$aLa crisi delle scienze europee e la fenomenologia trascendentale :$bintroduzione alla filosofia fenomenologica /$cEdmund Husserl ; a cura di Walter Biemel ; traduzione di Enrico Filippini. 260 $aMilano :$bIl Saggiatore,$c1961. 300 $a547 p. ;$c21 cm. 490 0 $aLa cultura ;$v35 650 4$aFenomenologia.$0(OLS)http://semarc/subject/2270 700 1 $aFilippini, Enrico.$0(OLS)http://semarc/name/25415 700 1 $aBiemel, Walter <1918- >.$0(OLS)http://semarc/name/34881 830 3$aLa cultura ;$v35.$0(OLS)http://semarc/title/6877 850 $aSeMil 852 $aSeMil$W1$xVenegono$y1$m2P V 232$j38150$B38150$CSeMilBibl$Z2$F38153 $81 996 $6245$aLa crisi delle scienze europee e la fenomenologia trascendentale :$bintroduzione alla filosofia fenomenologica$9(OLS)http://semarc/title/115965 996 $6260$aMilano :$bIl Saggiatore$9(OLS)http://semarc/publisher/30255 LEADER 01232nam a2200265 i 4500 001 000000083550 003 CaOOAMICUS 005 20181031093223.0 008 180830s1981 xx u000 u und u 013 $a55790 040 $aSeMil$bita 100 1 $aSchmitt, Carl,$d<1888-1985>.$0(OLS)http://semarc/name/16429 245 13$aLe categorie del politico :$bsaggi di teoria politica /$cCarl Schmitt ; a cura diGianfranco Miglio e di Pierangelo Schiera. 260 $aBologna :$bIl Mulino,$c1981. 300 $a361 p. ;$c22 cm 490 0 $aCollezione di testi e di studi. Scienze sociali e politiche 650 4$aPolitica.$0(OLS)http://semarc/subject/3044 700 1 $aMiglio, Gianfranco <1918-2001>.$0(OLS)http://semarc/name/5904 700 1 $aSchiera, Pierangelo,$d<1941- >.$0(OLS)http://semarc/name/30002 830 0$aCollezione di testi e di studi. Scienze sociali e politiche.$0(OLS)http://semarc/title/9354 850 $aSeMil 852 $aSeMil$W1$xVenegono$y1$m3N VI 597$j213013$B48103$CSeMilBibl$Z2$F51149 $81 996 $6245$aLe categorie del politico :$bsaggi di teoria politica$9(OLS)http://semarc/title/130566 996 $6260$aBologna :$bIl Mulino$9(OLS)http://semarc/publisher/29842